[Event "TUR Cup"]
[Site "Antalya"]
[Date "2017.02.01"]
[Round "7"]
[White "Kutlu, Sedat"]
[Black "Uzunoglu, Efe Kerem"]
[Result "0-1"]
[WhiteElo "1853"]
[BlackElo "2104"]
[PlyCount "94"]
[EventDate "2017.01.28"]
[EventType "swiss"]
[EventRounds "11"]
[EventCountry "TUR"]
[SourceTitle "CBM 176 Extra"]
[Source "ChessBase"]
[SourceDate "2017.03.02"]
[SourceVersion "1"]
[SourceVersionDate "2017.03.02"]
[SourceQuality "1"]

1. e4 c5 2. Nf3 d6 3. d4 Nf6 4. Nc3 cxd4 5. Nxd4 g6 6. Be3 Bg7 7. Be2 0-0 8. 0-0 Nc6 9. a3 d5 10. Nxc6 bxc6 11. exd5 cxd5 12. Re1 e6 13. Qd2 Bd7 14. Bh6 Bxh6 15. Qxh6 Rb8 16. Rab1 Qc7 17. Qg5 Kg7 18. Bd3 Rfc8 19. Qg3 e5 20. Ba6 Re8 21. Qf3 Bc6 22. Qe2 d4 23. Na2 Nd5 24. Qd2 Nf4 25. Bf1 Qb7 26. f3 f6 27. Nb4 Rbd8 28. g3 Nd5 29. Nxc6 Qxc6 30. Bg2 Qb6 31. Kh1 Ne3 32. Qd3 f5 33. c3 f4 34. g4 dxc3 35. Qxc3 Rc8 36. Qd3 Red8 37. Qe4 Qd6 38. h4 Rc4 39. Qb7+ Rd7 40. Qb3 Rd4 41. Rbc1 Rd2 42. Rg1 Rxg2 43. Rxg2 Nxg2 44. Rc8 Nxh4 45. g5 Qd1+ 46. Qxd1 Rxd1+ 47. Kh2 Nxf3+ 0-1

[Event "TUR Cup"]
[Site "Antalya"]
[Date "2017.01.30"]
[Round "4"]
[White "Ilbay, Hakki"]
[Black "Kutlu, Sedat"]
[Result "0-1"]
[WhiteElo "1559"]
[BlackElo "1853"]
[PlyCount "64"]
[EventDate "2017.01.28"]
[EventType "swiss"]
[EventRounds "11"]
[EventCountry "TUR"]
[SourceTitle "CBM 176 Extra"]
[Source "ChessBase"]
[SourceDate "2017.03.02"]
[SourceVersion "1"]
[SourceVersionDate "2017.03.02"]
[SourceQuality "1"]

1. e4 e5 2. Bc4 Nf6 3. d3 Nc6 4. Nf3 Bc5 5. c3 0-0 6. 0-0 d6 7. h3 h6 8. Re1 Be6 9. Bb3 Bb6 10. Nbd2 a6 11. Nf1 Qd7 12. Be3 Bxe3 13. Nxe3 Rad8 14. Bxe6 fxe6 15. Nh4 Qf7 16. Qf3 g5 17. Qg3 Nh5 18. Qg4 Qxf2+ 19. Kh2 Qf4+ 20. g3 Qxg4 21. hxg4 gxh4 22. gxh5 Rf2+ 23. Kh3 hxg3 24. Kxg3 Rdf8 25. Rab1 R8f3+ 26. Kg4 Nb8 27. Nd1 Rf4+ 28. Kh3 R2f3+ 29. Kh2 Rxd3 30. Rg1+ Kf7 31. Rg2 Rh4+ 32. Kg1 Rxh5 0-1

[Event "TUR-ch op"]
[Site "Antalya"]
[Date "2008.02.09"]
[Round "10.32"]
[White "Oluc, Hakan"]
[Black "Kutlu, Sedat"]
[Result "1-0"]
[WhiteElo "1960"]
[BlackElo "1952"]
[PlyCount "65"]
[EventDate "2008.02.04"]
[EventType "swiss"]
[EventRounds "11"]
[EventCountry "TUR"]
[SourceTitle "CBM 122 Extra"]
[Source "ChessBase"]
[SourceDate "2008.03.04"]
[SourceVersion "1"]
[SourceVersionDate "2008.03.04"]
[SourceQuality "1"]

1. c4 Nf6 2. g3 c6 3. Bg2 d5 4. Nf3 e6 5. b3 Bd6 6. Bb2 Nbd7 7. d4 b6 8. 0-0 Bb7 9. Nbd2 0-0 10. Qc2 c5 11. cxd5 Nxd5 12. Nc4 Be7 13. Rfd1 Qc7 14. Rac1 Nb4 15. Qb1 Nf6 16. Ncd2 Rac8 17. a3 Nc6 18. dxc5 bxc5 19. Nc4 Rfd8 20. e4 Rxd1+ 21. Rxd1 Rd8 22. e5 Rxd1+ 23. Qxd1 Nd5 24. Qd2 a5 25. h4 Ba6 26. Bf1 Qb8 27. Qc2 h6 28. Bd3 Qd8 29. Qe2 Bb5 30. Qe4 g6 31. h5 gxh5 32. Qh7+ Kf8 33. Qh8# 1-0

[Event "TUR-ch op"]
[Site "Antalya"]
[Date "2008.02.08"]
[Round "9.49"]
[White "Guler, Eren Can"]
[Black "Kutlu, Sedat"]
[Result "0-1"]
[WhiteElo "1532"]
[BlackElo "1952"]
[PlyCount "56"]
[EventDate "2008.02.04"]
[EventType "swiss"]
[EventRounds "11"]
[EventCountry "TUR"]
[SourceTitle "CBM 122 Extra"]
[Source "ChessBase"]
[SourceDate "2008.03.04"]
[SourceVersion "1"]
[SourceVersionDate "2008.03.04"]
[SourceQuality "1"]

1. d4 d5 2. Nf3 Nf6 3. e3 Bf5 4. Be2 e6 5. 0-0 c5 6. Nh4 Bg6 7. Nxg6 hxg6 8. dxc5 Bxc5 9. c4 Qc7 10. g3 Nc6 11. Nc3 0-0-0 12. cxd5 exd5 13. Na4 Qd7 14. f4 Bd6 15. Nc3 Ne7 16. Nb5 Kb8 17. Nxd6 Qxd6 18. b3 Nf5 19. Bf3 Qc5 20. Re1 d4 21. e4 d3+ 22. Kg2 Nd4 23. Rh1 Nxf3 24. Kxf3 Qd4 25. Bd2 Nxe4 26. Qe1 Rhe8 27. Be3 Qd5 28. Rg1 Nd2+ 0-1

[Event "TUR-ch op"]
[Site "Antalya"]
[Date "2008.02.05"]
[Round "4.31"]
[White "Kilic, Ihsan"]
[Black "Kutlu, Sedat"]
[Result "1-0"]
[WhiteElo "1998"]
[BlackElo "1952"]
[PlyCount "67"]
[EventDate "2008.02.04"]
[EventType "swiss"]
[EventRounds "11"]
[EventCountry "TUR"]
[SourceTitle "CBM 122 Extra"]
[Source "ChessBase"]
[SourceDate "2008.03.04"]
[SourceVersion "1"]
[SourceVersionDate "2008.03.04"]
[SourceQuality "1"]

1. d4 d5 2. Bf4 e6 3. e3 Bd6 4. Bg3 c5 5. c3 Nc6 6. Nf3 Nge7 7. Bd3 a6 8. a4 c4 9. Bc2 Rb8 10. Nbd2 b5 11. axb5 axb5 12. b4 cxb3 13. Nxb3 b4 14. cxb4 Nxb4 15. Bxd6 Nxc2+ 16. Qxc2 Qxd6 17. Nc5 0-0 18. 0-0 f6 19. Qc3 Nc6 20. Rfc1 Nd8 21. h3 Nf7 22. Ra7 e5 23. Rca1 exd4 24. exd4 Ng5 25. Re1 Qf4 26. Nxg5 fxg5 27. Nd3 Qd6 28. Ree7 Rb1+ 29. Ne1 Bf5 30. Rxg7+ Kh8 31. Rge7 Be4 32. f3 Qg3 33. Rxe4 Rb3 34. Ree7 1-0